000
00342nam a2200145Ia 4500
100
_a
Schildt/ Herbert
942
_c
BK
654
_a
C:the complete reference
245
_a
C:The complete reference 3rd Ed
260
_b
Osborne Mc graw Hill
_a
Berkeley
_c
1995
082
_a
005.13 C
_b
SCH
300
_a
839
546
_a
ENGLISH
999
_c
26462
_d
26462